Resource and planning (Record no. 34370)

MARC details
000 -LEADER
fixed length control field 00272nam a2200121Ia 4500
082 ## - DEWEY DECIMAL CLASSIFICATION NUMBER
Classification number 711
Item number GOO
100 ## - MAIN ENTRY--AUTHOR NAME
Personal name Kirby, B
245 #0 - TITLE STATEMENT
Title Resource and planning
260 ## - PUBLICATION, DISTRIBUTION, ETC. (IMPRINT)
Place of publication Oxford
Name of publisher Pergamon
Year of publication 1979
700 ## - ADDED ENTRY--PERSONAL NAME
Personal name A
942 ## - ADDED ENTRY ELEMENTS (KOHA)
Koha item type Books
Holdings
Withdrawn status Lost status Damaged status Not for loan Home library Current library Date acquired Cost, normal purchase price Full call number Accession Number Koha item type
        RRII Library RRII Library 16/12/2021 16.75 711 GOO 14808 Books